000 00619nam a2200217 4500
001 37648
003 BD-RjUL
005 20211209052630.0
008 150205s1996 ii ||||| |||| 001 0 eng d
035 _a(BD-RjUL)37752
040 _aBD-RjUL
_beng
_cBD-RjUL
_dBD-RjUL
041 _aeng
082 _a338.1
_bGIP 1996
100 _aGiriappa, S.
_9115767
245 _aProspects of agro-processing industry /
_cS. Giriappa.
260 _aDelhi :
_bDaya Publishing House,
_c1996.
300 _a119 p. ;
_c23 cm.
500 _aIncludes index.
650 _aAgricultural processing industries.
_9115768
942 _2ddc
_cBK
999 _c37648
_d37648